000 00660nam a22002297a 4500
005 20170124105942.0
010 _a811090
020 _c00.00
_a706902327
035 _a811090
037 _bCen Lib/Ret
040 _aDPL
_bEN
082 _a309.2
_bBAW
100 _aBawa, D S
_911490
245 _aRural project planning :
_cby D.S. Bawa
_bmethology and case studies /
260 _aNew Delhi
_bD.S Bawa
_c1973
270 _bNew Delhi
_aR-17, Hauz khas enclave
300 _a311p.
_c22cm(Hb)
500 _aIncludes index
650 _aPolitical science
_911491
650 _aRural development
_911492
942 _2ddc
_cEN
_h309.2
_mBAW
999 _c124649
_d124649